NBA 2026 Prospects - Statistics

General Stats
  • This quiz has been taken 24 times
  • The average score is 21 of 67
Answer Stats
College Position Answer % Correct
Duke PF Cameron Boozer
100%
North Carolina SF Caleb Wilson
89%
Kansas SG Darryn Peterson
84%
Arizona PF Koa Peat
84%
Arkansas PG Darius Acuff
79%
BYU SF Aj Dybantsa
74%
Houston PG Kingston Flemings
74%
Illinois SG Keaton Wagler
68%
Michigan C Aday Mara
63%
Tennessee SF Nate Ament
58%
Arizona SG Brayden Burries
53%
Baylor SG Cameron Carr
53%
Houston C Chris Cenac
53%
Michigan St PF Coen Carr
53%
Louisville PG Mikel Brown
53%
Michigan PF Morez Johnson
53%
Michigan PF Yaxel Lendeborg
53%
Duke SF Isaiah Evans
47%
Alabama PG Labaron Philon
42%
Michigan St PG Jeremy Fears
37%
New Zealand SF Karim Lopez
37%
Vanderbilt PG Tyler Tanner
37%
Purdue PG Braden Smith
32%
Texas Tech PG Christian Anderson
32%
Kansas C Flory Bidunga
32%
Washington PF Hannes Steinbach
32%
Kentucky C Jayden Quaintance
32%
BYU SG Richie Saunders
32%
UConn PF Alex Karaban
26%
USC SG Alijah Arenas
26%
North Carolina C Henri Veesaar
26%
Iowa St PF Joshua Jefferson
26%
Baylor SG Tounde Yessoufou
26%
Santa Clara PF Allen Graves
21%
Houston SG Emanuel Sharp
21%
Houston PG Milos Uzan
21%
UConn C Tarris Reed
21%
Texas SF Dailyn Swain
16%
St. Johns SF Dillon Mitchell
16%
Stanford PG Ebuka Okorie
16%
Arizona PG Jaden Bradley
16%
Missouri SF Mark Mitchell
16%
Arkansas SG Meleek Thomas
16%
Iowa State SF Milan Momcilovic
16%
Oregon C Nate Bittle
16%
Arkansas PF Trevon Brazile
16%
Gonzaga SG Tyon Grant-Foster
16%
St. Johns PF Zuby Ejiofor
16%
Alabama SF Amari Allen
11%
Cincinnati SF Baba Miller
11%
Iowa PG Bennett Stritz
11%
Ohio State PG Bruce Thornton
11%
Aubrun SF Keyshawn Hall
11%
Kentucky SG Otega Oweh
11%
Florida C Rueben Chinyelu
11%
Louisville SG Ryan Conwell
11%
Valencia SG Sergio de Larrea
11%
Iowa St PG Tamin Lipsey
11%
Indiana SG Tucker DeVries
11%
Florida PG Xaivian Lee
11%
St. Johns SF Bryce Hopkins
5%
South Florida PF Daimion Collins
5%
NC State SF Darrion Williams
5%
Miami PF Malik Reneau
5%
UCF SG Riley Kugel
5%
Butler PF Michael Ajayi
0%
NC State SG Terrance Arceneaux
0%
No matching quizzes found
Score Distribution
Percent of People with Each Score
Percentile by Number Answered
Your Score History
You have not taken this quiz